[Event "FRA-chT4 0405"]
[Site "Bretagne"]
[Date "2005.03.13"]
[Round "6"]
[White "Ezanno, Yvon"]
[Black "Le Dref, Philippe"]
[Result "0-1"]
[WhiteElo "1510"]
[BlackElo "1790"]
[PlyCount "36"]
[EventDate "2004.04.03"]
[EventType "team"]
[EventRounds "7"]
[EventCountry "FRA"]
[SourceTitle "EXT 2007"]
[Source "ChessBase"]
[SourceDate "2006.11.23"]
[SourceVersion "1"]
[SourceVersionDate "2006.11.23"]
[SourceQuality "1"]

1. e4 e5 2. Nf3 Nc6 3. Bb5 a6 4. Ba4 Nf6 5. 0-0 Be7 6. Re1 b5 7. Bb3 0-0 8. c3 d5 9. exd5 Nxd5 10. Nxe5 Nxe5 11. Rxe5 c6 12. Bxd5 cxd5 13. d4 Bd6 14. Re1 Qh4 15. g3 Qh3 16. Qf3 Bf5 17. Qxd5 Rae8 18. Rxe8 Rxe8 0-1